Most Appearances for Ireland - Statistics

General Stats
  • This quiz has been taken 3 times
  • The average score is 4 of 25
Answer Stats
Answer % Correct
Robbie Keane
100%
Damien Duff
67%
Seamus Coleman
67%
Shay Given
67%
John O'Shea
33%
Kevin Kilbane
33%
Richard Dunne
33%
Shane Long
33%
Aiden McGeady
0%
Andy Townsend
0%
Frank Stapleton
0%
Glenn Whelan
0%
James McClean
0%
Jeff Hendrick
0%
John Aldridge
0%
Kenny Cunningham
0%
Kevin Moran
0%
Liam Brady
0%
Niall Quinn
0%
Packie Bonner
0%
Paul McGrath
0%
Ray Houghton
0%
Robbie Brady
0%
Steve Staunton
0%
Tony Cascarino
0%
No matching quizzes found
Score Distribution
Percent of People with Each Score
Percentile by Number Answered
Your Score History
You have not taken this quiz